[Event "BCF-ch U10"]
[Site "Hull"]
[Date "2018.08.02"]
[Round "5"]
[White "Easwar, Keerthana"]
[Black "Zhu, Hou Ning"]
[Result "1/2-1/2"]
[WhiteElo "1434"]
[BlackElo "1389"]
[PlyCount "119"]
[EventDate "2018.07.29"]
[EventType "swiss"]
[EventRounds "7"]
[EventCountry "ENG"]
[SourceTitle "EXT 2021"]
[Source "ChessBase"]
[SourceDate "2020.10.23"]
[SourceVersion "1"]
[SourceVersionDate "2020.10.23"]
[SourceQuality "1"]

1. e4 c5 2. Nf3 g6 3. d3 Bg7 4. g3 Nc6 5. Bg2 Nf6 6. Nbd2 0-0 7. 0-0 d5 8. Re1 Qb6 9. Nf1 dxe4 10. dxe4 Rd8 11. Qe2 Bg4 12. c3 Nd7 13. h4 Nde5 14. N1h2 Bxf3 15. Nxf3 Nxf3+ 16. Bxf3 Ne5 17. Bg2 Nd3 18. Rd1 c4 19. Bf1 Rd6 20. Qc2 Rad8 21. Bf4 Nxf4 22. gxf4 Rxd1 23. Rxd1 Rxd1 24. Qxd1 Qxb2 25. Bxc4 Bxc3 26. Qd8+ Kg7 27. Qxe7 Qc1+ 28. Kg2 Qxf4 29. Qxb7 Qg4+ 30. Kf1 Qxh4 31. Qxf7+ Kh6 32. Qf8+ Bg7 33. Qf3 Qg5 34. Qh3+ Qh5 35. Qe3+ g5 36. Bb3 Qh1+ 37. Ke2 Qh5+ 38. Qf3 Qxf3+ 39. Kxf3 Bd4 40. Kg3 Kg6 41. f3 Be5+ 42. Kg4 h5+ 43. Kh3 Kf6 44. Bc4 Bf4 45. Bb3 Ke5 46. Bf7 h4 47. Bc4 Kd4 48. Be6 Ke3 49. Kg2 Bg3 50. Bg4 a5 51. Bh3 Bf4 52. Be6 a4 53. Bh3 Bg3 54. Bg4 Kd2 55. Be6 Bf4 56. Bh3 a3 57. Be6 Ke3 58. Bh3 Bg3 59. Bg4 Kd2 60. Bh3 1/2-1/2

[Event "GBR-ch U1750 op 105th"]
[Site "Hull"]
[Date "2018.08.02"]
[Round "4"]
[White "Patel, Devan"]
[Black "Zhu, Hou Ning"]
[Result "1-0"]
[WhiteElo "1716"]
[BlackElo "1389"]
[PlyCount "131"]
[EventDate "2018.07.30"]
[EventType "swiss"]
[EventRounds "5"]
[EventCountry "ENG"]
[SourceTitle "EXT 2021"]
[Source "ChessBase"]
[SourceDate "2020.10.23"]
[SourceVersion "1"]
[SourceVersionDate "2020.10.23"]
[SourceQuality "1"]

1. d4 d5 2. Nf3 Nf6 3. c4 c6 4. cxd5 cxd5 5. Nc3 Nc6 6. Bf4 Bf5 7. e3 e6 8. a3 Bd6 9. Bg3 Ne4 10. Rc1 Bxg3 11. hxg3 Qa5 12. Bd3 0-0 13. 0-0 Nxc3 14. Rxc3 Bxd3 15. Qxd3 Qd8 16. Rfc1 Qe7 17. b4 a6 18. Rc5 Rfd8 19. Qc3 Na7 20. Rc7 Rd7 21. Rxd7 Qxd7 22. Ne5 Qe7 23. Qc7 Qxc7 24. Rxc7 f6 25. Nd3 Nb5 26. Rxb7 Nxa3 27. Nf4 Re8 28. Rb6 Nc2 29. Nxe6 Nxb4 30. Nc7 Rc8 31. Nxa6 Nxa6 32. Rxa6 Rd8 33. Ra7 h6 34. Kf1 Kh7 35. Ke2 h5 36. Kd3 f5 37. Ra6 g6 38. Rc6 Kh6 39. Kc3 Kg5 40. Kd3 Kh6 41. Ke2 Rd7 42. Kf3 Kg5 43. Re6 Rd8 44. Rb6 Rd7 45. Rc6 Rd8 46. Ke2 Rd7 47. Kd3 Rd8 48. Rc5 Kf6 49. Kc3 g5 50. Rc6+ Kg7 51. Rc5 Kf6 52. Kb4 Rd6 53. Kb5 Rd8 54. Rc6+ Kg7 55. Kc5 Ra8 56. Kxd5 Ra2 57. Rc7+ Kf6 58. Rc6+ Kg7 59. Ke5 Rxf2 60. d5 Rxg2 61. d6 Rxg3 62. d7 Rxe3+ 63. Kd4 Re1 64. Rc3 Re4+ 65. Kd5 Re1 66. Rd3 1-0

[Event "BCF-ch U10"]
[Site "Hull"]
[Date "2018.07.31"]
[Round "3"]
[White "Lohia, Sohum"]
[Black "Zhu, Hou Ning"]
[Result "1/2-1/2"]
[WhiteElo "1255"]
[BlackElo "1389"]
[PlyCount "47"]
[EventDate "2018.07.29"]
[EventType "swiss"]
[EventRounds "7"]
[EventCountry "ENG"]
[SourceTitle "EXT 2021"]
[Source "ChessBase"]
[SourceDate "2020.10.23"]
[SourceVersion "1"]
[SourceVersionDate "2020.10.23"]
[SourceQuality "1"]

1. e4 c5 2. Ne2 g6 3. g3 Nc6 4. Bg2 Nf6 5. c3 Bg7 6. d4 cxd4 7. cxd4 d6 8. Nbc3 0-0 9. h3 Bd7 10. 0-0 Qc8 11. Kh2 Rb8 12. Be3 Na5 13. b3 b5 14. Rc1 Qa6 15. Qd2 b4 16. Nd1 Bb5 17. Re1 Rfd8 18. g4 Bd3 19. Ng3 e5 20. d5 Rdc8 21. Nb2 Bb5 22. Bf1 Bxf1 23. Rxf1 Nb7 24. Na4 1/2-1/2

[Event "BCF-ch U10"]
[Site "Hull"]
[Date "2018.07.30"]
[Round "2"]
[White "Zhu, Hou Ning"]
[Black "Zakarian, Dimitrios Levon"]
[Result "1/2-1/2"]
[WhiteElo "1389"]
[BlackElo "1518"]
[PlyCount "99"]
[EventDate "2018.07.29"]
[EventType "swiss"]
[EventRounds "7"]
[EventCountry "ENG"]
[SourceTitle "EXT 2021"]
[Source "ChessBase"]
[SourceDate "2020.10.23"]
[SourceVersion "1"]
[SourceVersionDate "2020.10.23"]
[SourceQuality "1"]

1. d4 Nf6 2. Bf4 e6 3. e3 c5 4. c3 Nc6 5. Nf3 Be7 6. Bd3 0-0 7. Nbd2 d5 8. h3 Qb6 9. Qc2 c4 10. Be2 Qd8 11. Ne5 Bd6 12. Ndf3 Bxe5 13. Nxe5 Nxe5 14. Bxe5 Nd7 15. Bd6 Re8 16. 0-0-0 b5 17. h4 Qb6 18. Bf4 b4 19. g4 b3 20. Qb1 bxa2 21. Qxa2 Qb3 22. Qb1 a5 23. Rdg1 a4 24. Bd1 Qb5 25. Bd6 Nb8 26. Bc2 g6 27. h5 Rd8 28. Ba3 Qe8 29. hxg6 fxg6 30. Rh2 Rd7 31. Rgh1 Rg7 32. Bd6 Nc6 33. Bxg6 Qxg6 34. Qxg6 Rxg6 35. Rxh7 Rg7 36. Rh8+ Kf7 37. Rf8+ Kg6 38. Rfh8 Bb7 39. Bf8 Rf7 40. R8h6+ Kg5 41. R6h5+ Kxg4 42. R5h4+ Kf3 43. R4h3+ Ke2 44. Rd1 Raxf8 45. Rd2+ Kf1 46. f4 Kg1 47. Rhh2 Rg7 48. Rhe2 Kh1 49. Rh2+ Kg1 50. Rhe2 1/2-1/2

[Event "BCF-ch U11"]
[Site "Hull"]
[Date "2018.07.27"]
[Round "3"]
[White "Sandhu, Manvith"]
[Black "Zhu, Hou Ning"]
[Result "1-0"]
[WhiteElo "120"]
[BlackElo "117"]
[PlyCount "49"]
[EventDate "2018.07.27"]
[EventType "swiss"]
[EventRounds "6"]
[EventCountry "ENG"]
[SourceTitle "CBM 186 Extra"]
[Source "ChessBase"]
[SourceDate "2018.08.24"]
[SourceVersion "1"]
[SourceVersionDate "2018.08.24"]
[SourceQuality "1"]

1. e4 c5 2. Nf3 g6 3. d4 cxd4 4. Nxd4 Nf6 5. Nc3 Nc6 6. Be3 Bg7 7. f3 0-0 8. Nb3 d6 9. Qd2 Be6 10. 0-0-0 a6 11. g4 b5 12. h4 Ne5 13. Be2 Nc4 14. Bxc4 Bxc4 15. h5 a5 16. Bh6 a4 17. Na1 b4 18. Nd5 Nxd5 19. Bxg7 Kxg7 20. exd5 g5 21. Qd4+ Kg8 22. Qxc4 Qb6 23. Qd4 Qb5 24. h6 f6 25. f4 1-0

[Event "Basingstoke Spring Bank op U1825"]
[Site "Basingstoke"]
[Date "2018.05.28"]
[Round "7.15"]
[White "Zhu, Hou Ning"]
[Black "Horlock, Peter J"]
[Result "1-0"]
[WhiteElo "1309"]
[BlackElo "1612"]
[PlyCount "125"]
[EventDate "2018.05.25"]
[EventType "swiss"]
[EventRounds "7"]
[EventCountry "ENG"]
[SourceTitle "EXT 2023"]
[Source "ChessBase"]
[SourceDate "2022.10.05"]
[SourceVersion "1"]
[SourceVersionDate "2022.10.05"]
[SourceQuality "1"]

1. e4 e5 2. Nf3 Nc6 3. d4 exd4 4. Bc4 Be7 5. c3 d6 6. Nxd4 Nxd4 7. cxd4 Nf6 8. Nc3 a6 9. a4 c6 10. Qb3 0-0 11. Bf4 Nxe4 12. Nxe4 d5 13. Bxd5 cxd5 14. Nc3 Bf6 15. Qxd5 Qe7+ 16. Be5 Be6 17. Bxf6 Qxf6 18. Qe5 Qg6 19. 0-0 Rae8 20. Qg3 Qc2 21. Rab1 Bc4 22. Rfc1 Qd2 23. Qc7 Bd3 24. Ra1 Qxb2 25. Qg3 Bg6 26. f4 Qb6 27. Qf2 Bf5 28. d5 Qd6 29. Re1 Rc8 30. Rac1 Rc4 31. g3 h5 32. Qe3 Qg6 33. h4 Rcc8 34. Kh2 Qg4 35. Qf2 Rcd8 36. Re7 Rd6 37. Rxb7 Rg6 38. Qg2 Rc8 39. a5 Be4 40. Qh3 Bxd5 41. Qxg4 Rxg4 42. Rb6 Bf3 43. Rxa6 Rd8 44. Nb1 Rd5 45. Ra8+ Kh7 46. a6 Ra5 47. Rd8 Rxa6 48. Nd2 Ra2 49. Kh3 Be2 50. Re1 Bb5 51. Re5 Bc6 52. Rxh5+ Kg6 53. Kxg4 Ba4 54. Rg5+ Kh7 55. Rh5+ Kg6 56. Rd6+ f6 57. Nf3 Kf7 58. Ra5 Ke7 59. Rda6 Bd7+ 60. f5 Rb2 61. Ra7 Rb4+ 62. Kh3 Ke8 63. Rxd7 1-0

[Event "BCF-ch U10"]
[Site "Llandudno"]
[Date "2017.07.31"]
[Round "2"]
[White "Zhu, Hou Ning"]
[Black "Lohia, Sohum"]
[Result "1/2-1/2"]
[WhiteElo "1390"]
[BlackElo "1120"]
[PlyCount "111"]
[EventDate "2017.07.30"]
[EventType "swiss"]
[EventRounds "7"]
[EventCountry "WLS"]
[SourceTitle "CBM 179 Extra"]
[Source "ChessBase"]
[SourceDate "2017.08.23"]
[SourceVersion "1"]
[SourceVersionDate "2017.08.23"]
[SourceQuality "1"]

1. e4 e5 2. Nf3 Nc6 3. Bc4 Nf6 4. d3 Be7 5. c3 0-0 6. Nbd2 d6 7. 0-0 Bg4 8. h3 Bh5 9. b4 a6 10. Bb3 Qd7 11. Re1 Rfe8 12. Nf1 h6 13. Ng3 Bg6 14. Be3 Rad8 15. Nh4 Bh7 16. Nhf5 Bf8 17. Qf3 Ne7 18. Nxe7+ Bxe7 19. Nf5 Bxf5 20. Qxf5 Qxf5 21. exf5 d5 22. d4 e4 23. Ba4 b5 24. Bb3 c6 25. f3 Bd6 26. g4 exf3 27. Kf2 Ne4+ 28. Kxf3 Nxc3 29. a3 Ne4 30. Rac1 Rc8 31. Rc2 Rc7 32. Rec1 Rec8 33. Bf4 Bxf4 34. Kxf4 Nf6 35. a4 Kf8 36. Ke5 Ke7 37. axb5 axb5 38. Kf4 Kd6 39. h4 Ne4 40. g5 h5 41. Re2 Re7 42. Bc2 Rce8 43. Rce1 Nc3 44. Rxe7 Rxe7 45. Rxe7 Kxe7 46. Bb3 Ne2+ 47. Ke3 Ng3 48. Bc2 g6 49. f6+ Ke6 50. Kf4 Ne2+ 51. Ke3 Nc1 52. Bb1 Kd6 53. Kd2 Nb3+ 54. Kc3 Nc1 55. Kd2 Nb3+ 56. Kc3 1/2-1/2

[Event "BCF-ch U10"]
[Site "Llandudno"]
[Date "2017.07.30"]
[Round "1"]
[White "Sevinc, Doruk Ata"]
[Black "Zhu, Hou Ning"]
[Result "1/2-1/2"]
[WhiteElo "1112"]
[BlackElo "1390"]
[PlyCount "40"]
[EventDate "2017.07.30"]
[EventType "swiss"]
[EventRounds "7"]
[EventCountry "WLS"]
[SourceTitle "CBM 179 Extra"]
[Source "ChessBase"]
[SourceDate "2017.08.23"]
[SourceVersion "1"]
[SourceVersionDate "2017.08.23"]
[SourceQuality "1"]

1. e4 e5 2. Nf3 Nc6 3. Bc4 Bc5 4. d3 Nf6 5. Nc3 d6 6. Bg5 Bg4 7. h3 Bh5 8. g4 Bg6 9. Nd5 h6 10. Bh4 Nd4 11. c3 Ne6 12. b4 Bb6 13. Nd2 c6 14. Nxf6+ gxf6 15. Qf3 Nf4 16. 0-0-0 Qe7 17. Bg3 Ne6 18. Bh4 Nf4 19. Bg3 Ne6 20. Bh4 Nf4 1/2-1/2